| 000 | 00507nam a2200169 4500 | ||
|---|---|---|---|
| 008 | 0 1996 0a 000 0USA | ||
| 020 | _a0-471-07681-3 | ||
| 050 | _aTJ2625 M67 1996 | ||
| 082 | _a621.4021 M829f | ||
| 100 | _aMoran, Michael J. | ||
| 245 | _aFundamentals of engineering thermodynamics / Michael J. Moran, Howard N. Shapiro | ||
| 250 | _a3a. | ||
| 260 | _aUSA : John Wiley | ||
| 300 | _axiii, 859 p. / 26 cm | ||
| 650 | _a1. TERMODINAMICA | ||
| 700 | _aI. Shapiro, Howard N. coaut. | ||
| 999 |
_c22027 _d22027 |
||